Tratado elemental de moral y religión... / (Record no. 159532)

MARC details
000 -LEADER
campo de control de longitud fija 00629nam a2200205 4500
001 - NÚMERO DE CONTROL
campo de control 159532
003 - IDENTIFICADOR DE NÚMERO DE CONTROL
campo de control ES-MaACL
005 - FECHA Y HORA DE LA ÚLTIMA TRANSACCIÓN
campo de control 20251015063141.0
008 - DATOS DE LONGITUD FIJA--INFORMACIÓN GENERAL
campo de control de longitud fija 950221s1851 sp |||| | spa d
040 ## - FUENTE DE CATALOGACIÓN
Centro catalogador/agencia de origen EUS
Lengua de catalogación spa
Centro/agencia transcriptor EUS
080 ## - NÚMERO DE LA CLASIFICACIÓN DECIMAL UNIVERSAL
Número de la Clasificación Decimal Universal 2(02)
080 ## - NÚMERO DE LA CLASIFICACIÓN DECIMAL UNIVERSAL
Número de la Clasificación Decimal Universal 17(02)
100 1# - ENTRADA PRINCIPAL--NOMBRE DE PERSONA
Nombre de persona Mestres, Salvador,
Fechas asociadas al nombre m. 1879
9 (RLIN) 129877
245 10 - MENCIÓN DEL TÍTULO
Título Tratado elemental de moral y religión... /
Mención de responsabilidad, etc. por Salvador Mestres.
250 ## - MENCION DE EDICION
Mención de edición 5ª ed.
260 ## - PUBLICACIÓN, DISTRIBUCIÓN, ETC.
Lugar de publicación, distribución, etc. Barcelona :
Nombre del editor, distribuidor, etc. Imprenta y Librería Politécnica de Tomás Gorchs,
Fecha de publicación, distribución, etc. 1851.
300 ## - DESCRIPCIÓN FÍSICA
Extensión 136 p. ;
Dimensiones 19 cm.
852 ## - LOCALIZACIÓN
Ubicación ES-MaACL
Número de control de estantería C-3855
Nota libre -- Enc. hol.
Holdings
Estatus retirado Estado de pérdida Estado de daño No para préstamo Colección Biblioteca de origen Biblioteca actual Ubicación en estantería Fecha de adquisición Fuente de adquisición Total de préstamos Signatura topográfica completa Código de barras Visto por última vez Precio de reemplazo Tipo de ítem Koha
        Libros del s. XIX Biblioteca del Ateneo de Madrid Biblioteca del Ateneo de Madrid Sala Palomar 17/01/2008     C-3855 1167010 23/02/2023 23/02/2023 Libro impreso antiguo